De iustitia administrativa en ecclesia

Na minha lista:
Detalhes bibliográficos
Formato: Livro
Idioma:Língua italiana
Publicado em: Roma Officium Libri Catholici 1984
Colecção:Studia et Documenta Iuris Canonici, 11
Assuntos:
Tags: Adicionar Tag
Sem tags, seja o primeiro a adicionar uma tag!

MARC

LEADER 00000nam a2200000 a 4500
001 UCL0065
003 CL-VaPUC
008 030612e19840000IT |||||||||||||||||ita|d
082 0 4 |a 262.934  |b DEI  |2 21 
245 1 0 |a De iustitia administrativa en ecclesia 
246 1 3 |a La giustizia amministrativa nella chiesa 
300 |a 195 p 
942 |c BK 
945 |d 20030612 00:00:00  |a cmena 
260 |a Roma  |b Officium Libri Catholici  |c 1984 
650 7 |a DERECHO CANONICO  |2 CL-VaPUC  |9 476767 
650 7 |a JUSTICIA ADMINISTRATIVA  |2 CL-VaPUC  |9 254852 
650 0 |a Tribunales  |9 254872 
583 |a last modification  |c 20030612 00:00:00  |k Rodrigo Vera 
490 0 |a Studia et Documenta Iuris Canonici, 11 
999 |c 304098  |d 304096 
952 |0 0  |1 0  |4 0  |6 262_934000000000000_DEI_1984  |7 0  |8 A  |9 365880  |a BIBDER  |b BIBDER  |d 2019-11-21  |i 389407K  |o 262.934 DEI 1984  |p 389407K  |r 2023-01-25  |w 2019-11-21  |y BK  |k DER